Role of television in promoting national integration (Record no. 1109)
[ view plain ]
| 000 -LEADER | |
|---|---|
| fixed length control field | 00327pab a2200133 454500 |
| 008 - FIXED-LENGTH DATA ELEMENTS--GENERAL INFORMATION | |
| fixed length control field | 180718b xxu||||| |||| 00| 0 eng d |
| 100 ## - MAIN ENTRY--PERSONAL NAME | |
| Personal name | Murthy, J.S. |
| 245 ## - TITLE STATEMENT | |
| Title | Role of television in promoting national integration |
| 650 ## - SUBJECT ADDED ENTRY--TOPICAL TERM | |
| Topical term or geographic name entry element | Integration |
| 650 ## - SUBJECT ADDED ENTRY--TOPICAL TERM | |
| Topical term or geographic name entry element | Television |
| 700 ## - ADDED ENTRY--PERSONAL NAME | |
| Personal name | Saha, Maloy |
| 773 ## - HOST ITEM ENTRY | |
| Main entry heading | Vidura |
| 909 ## - | |
| -- | 1109 |
| Withdrawn status | Lost status | Damaged status | Not for loan | Permanent Location | Current Location | Date acquired | Serial Enumeration / chronology | Barcode | Date last seen | Price effective from | Koha item type |
|---|---|---|---|---|---|---|---|---|---|---|---|
| Indian Institute of Public Administration | Indian Institute of Public Administration | 2018-07-19 | Issue no: 28(2), Mar.-Apr.91, p.18-19 | AR1109 | 2018-07-19 | 2018-07-19 | Articles |
